00821pam a2200253 450000100060000000300090000600500170001500800410003202000200007303500180009303500200011103500170013104000230014804100080017108200270017910000270020624501490023326000310038230000250041350400510043865000300048965000180051970000300053757473BD-RJUL 20211209080522.0161210s1982 bg b 101 0 eng  a9781482891393 : aBD-RJUL 57597 a(OCoLC)08195115 aGLIS00141488 aDLCcDLCdMYGbeng aeng 223 a306.42bKAT 2014  aKarim, A.H.M. Zehadul 10aTraditionalism and Modernity :b issues and perspectives in sociology and social anthropology /cA.H.M. Zehadul Karim ; Nurazzura Mohammad Diah  aDhaka :bPartridge,c2014  avi, 214 p. ;c23 cm. aIncludes bibliographical references and index. aSociology, Knowledge of  aAnthropology  aDiah, Nurazzura Mohammad